Spolok absolventov a priateľov FEI STU - EF SVŠT. Ročenka 2011

Salvato in:
Dettagli Bibliografici
Natura: Libro
Lingua:slovacco
Pubblicazione: Bratislava : STU v Bratislave, 2012
Soggetti:
Tags: Aggiungi Tag
Nessun Tag, puoi essere il primo ad aggiungerne!!

MARC

LEADER 00000nam a22000003a 4500
001 stu258564
005 20150408165248.1
008 121203s2012----xo------------------slo-d
020 |a 978-80-227-3662-6 
040 |a STU  |b slo 
041 0 |a slo 
044 |a xo 
080 |a 378.6(437.6-25) 
080 |a 378.3(058) 
245 |a Spolok absolventov a priateľov FEI STU - EF SVŠT. Ročenka 2011 
260 |a Bratislava :  |b STU v Bratislave,  |c 2012 
650 7 |a absolventi  |2 stusub 
650 7 |a spolky  |2 stusub 
996 |b 284EO00322  |c E*O-322  |l EE0102  |s P  |a 0  |w stu258564_0001